000 00401nam a2200169Ia 4500
008 230524s9999 xx 000 0 und d
020 _a9788120352537
082 _bVIJ
100 _aS.Vijayachitra
_942735
245 0 _aTranducers Engineering
250 _a1
260 _aNew Delhi
_bPHI
_c2016
300 _a"XII,420p;"
500 _aQuantity Number: 1
650 _aElectronics
942 _cBK
999 _c57717
_d57717